000 00507nam a22001697a 4500
005 20251108175504.0
008 250721s2016 xx 000 0 ara d
082 1 4 _aم/692.309565/ارد
245 1 0 _aمسودة كودة الإنارة الطبيعية /
250 _aط2.
264 1 _aعمان :
_bمجلس البناء الوطني،
_c2016.
650 1 7 _aدساتير البناء
650 1 7 _aالاضاءة الطبيعية
650 1 7 _aالاردن
942 _2ddc
_cREF
999 _c135315
_d135315